3-Letter Chain Link #1 - Statistics

General Stats
  • This quiz has been taken 27 times
  • The average score is 11 of 30
Answer Stats
Hint Answer % Correct
Mozart's middle name Amadeus
83%
Rapid cascade of mountain snow Avalanche
71%
Capital of Nicaragua Managua
63%
Defeated at Little Big Horn Custer
58%
Pink-fleshed fruit native to Americas Guava
58%
Beijing square Tiananmen
58%
Womb Uterus
58%
Leader of the Hermits Herman
54%
Narrow strip of land Isthmus
54%
Knee tissue often torn Meniscus
54%
Canadian rock band Rush
54%
House in Poe story Usher
54%
Cosmetic imperfection Blemish
42%
Central London station Euston
42%
UK PMs' country home Chequers
38%
Popularizer of tobacco Raleigh
33%
Former Erstwhile
29%
Insect specialist Entomologist
25%
Hoffman/Beatty film bust Ishtar
25%
Formal change to document Amendment
21%
Driest desert Atacama
21%
Famous Alabama studio Muscle Shoals
17%
Greek fish roe spread Taramasalata
17%
Pine-based solvent Turpentine
8%
Area north of the Thames Alsatia
4%
Island site of Candian Grand Prix Ile Notre Dame
4%
Impossible to value Inestimable
4%
Outside of time Atemporal
0%
Equivocate Tergiversate
0%
Haitian paramilitary force Tonton Macoute
0%
No matching quizzes found
Score Distribution
Percent of People with Each Score
Percentile by Number Answered
Your Score History
You have not taken this quiz